Numbers from 0 to 10 in every germanic languages - Statistics

General Stats
  • This quiz has been taken 341 times
  • The average score is 50 of 99
Answer Stats
Hint Answer % Correct
English one
97%
English two
97%
English five
96%
English three
96%
English zero
96%
English eight
95%
English four
95%
Danish ni
95%
Norwegian ni
95%
English nine
95%
English seven
95%
English six
95%
English ten
95%
German drei
87%
German zwei
87%
German eins
84%
German acht
83%
Dutch acht
83%
German fünf
83%
German vier
82%
Dutch vier
82%
Afrikaans vier
82%
German neun
80%
German sechs
80%
Luxembourgish sechs
80%
German sieben
79%
German zehn
77%
Dutch nul
74%
Afrikaans nul
74%
Danish nul
74%
German null
69%
Norwegian null
69%
Luxembourgish null
69%
Icelandic núll
69%
Swedish en
61%
Danish en
61%
Norwegian en
61%
Swedish tre
60%
Danish tre
60%
Norwegian tre
60%
Swedish sex
56%
Icelandic sex
56%
Danish ti
54%
Norwegian ti
54%
Dutch één
52%
Afrikaans een
52%
Luxembourgish een
52%
Danish to
44%
Norwegian to
44%
Dutch twee
44%
Afrikaans twee
44%
Dutch drie
40%
Afrikaans drie
40%
Swedish fem
39%
Danish fem
39%
Norwegian fem
39%
Danish seks
36%
Norwegian seks
36%
Swedish två
36%
Dutch zeven
36%
Swedish åtta
35%
Icelandic átta
35%
Dutch vijf
35%
Dutch tien
34%
Afrikaans tien
34%
Afrikaans nege
33%
Swedish nio
33%
Swedish tio
33%
Dutch negen
32%
Swedish sju
32%
Swedish fyra
31%
Norwegian åtte
30%
Danish fire
30%
Norwegian fire
30%
Dutch zes
30%
Afrikaans ses
26%
Swedish noll
24%
Danish otte
24%
Danish syv
22%
Norwegian syv
22%
Afrikaans vyf
20%
Icelandic einn
17%
Afrikaans agt
16%
Luxembourgish zwee
16%
Icelandic sjö
15%
Icelandic níu
14%
Afrikaans sewe
13%
Icelandic tíu
13%
Icelandic tveir
13%
Icelandic fimm
11%
Icelandic fjórir
11%
Luxembourgish dräi
10%
Icelandic þrír
9%
Luxembourgish aacht
6%
Luxembourgish siwen
6%
Luxembourgish véier
6%
Luxembourgish zéng
6%
Luxembourgish néng
4%
Luxembourgish fënner
1%
No matching quizzes found
Score Distribution
Percent of People with Each Score
Percentile by Number Answered
Your Score History
You have not taken this quiz